Hauptstädte der Länder, die mit D beginnen - Statistiken

Allgemein
  • Dieses Quiz wurde 446 mal gespielt
  • Das Durchschnittsergebnis liegt bei 4 aus 5
Antwortstatistiken
D Land Hauptstadt % Korrekt
Deutschland Berlin
99%
Dänemark Kopenhagen
99%
Dschibuti Dschibuti-Stadt
80%
Dominikanische Republik Santo Domingo
69%
Dominica Roseau
50%
Keine übereinstimmenden Quizze gefunden
Verteilung der Resultate
Anzahl Personen mit jedem Resultat
Perzentil nach korrekt beantworteten Fragen
Ihre Resultats-Entwicklung
Sie haben dieses Quiz noch nicht gespielt